عرض عادي
عرض مارك
- الديمقراطية
دخول Topical Term
001 - CONTROL NUMBER
- control field: 29876
003 - CONTROL NUMBER IDENTIFIER
- control field: AE-AdECS
005 - DATE AND TIME OF LATEST TRANSACTION
- control field: 20260511090134.0
008 - FIXED-LENGTH DATA ELEMENTS
- fixed length control field: 260511|| aca||aabn | a|a d
040 ## - CATALOGING SOURCE
- Original cataloging agency: AE-AdECS
- Transcribing agency: AE-AdECS
150 ## - HEADING--TOPICAL TERM
- Topical term or geographic name entry element: الديمقراطية
- Geographic subdivision: فلسطين
670 ## - SOURCE DATA FOUND
- Source citation: Work cat.: (AE-AdECS)295096: الحلاج، محمد، مؤلف. 29873, حوارات في مسألة الدولة الديمقراطية الواحدة في فلسطين /
